000
00288nam a22001337a 4500
008
170403b xxu||||| |||| 00| 0 eng d
020
_a
045863051745
041
_a
eng
080
_a
574
100
_a
9
101
_a
SHM
245
_a
THE LORE OF SPICES
_c
SWAHN, J.O
942
_2
udc
_c
BK
999
_c
9570
_d
9570